Statistics for Countries of the World Quiz in 5 minutes

Click here to take the quiz!

General Stats

  • This quiz has been taken 32 times
  • The average score is 128 of 196

Answers on the Map

Answers color-coded by a green-red scale on the quiz's map according to % correct below.
 

Answer Stats

Country% Correct
Canada
93%
Mexico
93%
United Kingdom
93%
United States
93%
Argentina
90%
China
90%
France
90%
Iceland
90%
Ireland
90%
Austria
86%
Brazil
86%
Denmark
86%
Finland
86%
Norway
86%
Peru
86%
Portugal
86%
Russia
86%
Spain
86%
Sweden
86%
Belgium
83%
Bolivia
83%
Chile
83%
Colombia
83%
Cuba
83%
Germany
83%
India
83%
Nepal
83%
Netherlands
83%
Poland
83%
Venezuela
83%
Algeria
79%
Australia
79%
Ecuador
79%
Greece
79%
Guatemala
79%
Guyana
79%
Italy
79%
Japan
79%
Panama
79%
Saudi Arabia
79%
Switzerland
79%
Bahamas
76%
Costa Rica
76%
Czech Republic
76%
Egypt
76%
El Salvador
76%
Hungary
76%
Kazakhstan
76%
Lithuania
76%
Nicaragua
76%
Oman
76%
Paraguay
76%
San Marino
76%
Turkey
76%
Ukraine
76%
United Arab Emirates
76%
Uruguay
76%
Vatican City
76%
Yemen
76%
Andorra
72%
Belarus
72%
Belize
72%
Bhutan
72%
Croatia
72%
Estonia
72%
Haiti
72%
Indonesia
72%
Israel
72%
Latvia
72%
Malta
72%
Mongolia
72%
Morocco
72%
Serbia
72%
Slovakia
72%
Slovenia
72%
South Korea
72%
Albania
69%
Bangladesh
69%
Bosnia and
Herzegovina
69%
Dominican Republic
69%
Honduras
69%
Iran
69%
Iraq
69%
Maldives
69%
Mali
69%
North Korea
69%
Pakistan
69%
Romania
69%
South Africa
69%
Suriname
69%
Tunisia
69%
Bulgaria
66%
Chad
66%
Cyprus
66%
Democratic Republic
of the Congo
66%
Guinea
66%
Jamaica
66%
Kosovo
66%
Kuwait
66%
Libya
66%
Liechtenstein
66%
Mauritania
66%
Moldova
66%
New Zealand
66%
Niger
66%
Nigeria
66%
Republic of the Congo
66%
Somalia
66%
Sri Lanka
66%
Sudan
66%
Vietnam
66%
Afghanistan
62%
Antigua and Barbuda
62%
Armenia
62%
Azerbaijan
62%
Bahrain
62%
Barbados
62%
Cambodia
62%
Jordan
62%
Luxembourg
62%
Madagascar
62%
Monaco
62%
Myanmar
62%
Saint Kitts and Nevis
62%
Senegal
62%
Syria
62%
Thailand
62%
Benin
59%
Central African Republic
59%
Dominica
59%
Gambia
59%
Grenada
59%
Laos
59%
Malaysia
59%
Montenegro
59%
North Macedonia
59%
Philippines
59%
Qatar
59%
Saint Vincent and the
Grenadines
59%
South Sudan
59%
Togo
59%
Trinidad and Tobago
59%
Turkmenistan
59%
Zimbabwe
59%
Angola
55%
Botswana
55%
Cape Verde
55%
Eritrea
55%
Georgia
55%
Ghana
55%
Kiribati
55%
Namibia
55%
Papua New Guinea
55%
Saint Lucia
55%
Taiwan
55%
Tajikistan
55%
Uzbekistan
55%
Zambia
55%
Ethiopia
52%
Guinea-Bissau
52%
Kenya
52%
Lebanon
52%
Nauru
52%
Singapore
52%
Brunei
48%
Djibouti
48%
Lesotho
48%
Malawi
48%
Marshall Islands
48%
Mauritius
48%
Tanzania
48%
Burundi
45%
Cameroon
45%
Comoros
45%
Federated States of
Micronesia
45%
Fiji
45%
Gabon
45%
Ivory Coast
45%
Kyrgyzstan
45%
Liberia
45%
Rwanda
45%
Samoa
45%
Uganda
45%
Burkina Faso
41%
East Timor
41%
Eswatini
41%
Palau
41%
Seychelles
41%
Tonga
41%
Mozambique
38%
Sierra Leone
38%
Solomon Islands
38%
São Tomé and Príncipe
34%
Tuvalu
31%
Equatorial Guinea
28%
Vanuatu
28%

Score Distribution

Percentile by Number Answered

Percent of People with Each Score

Your Score History

You have not taken this quiz